000 00881ngm a22003250a 4500
001 PT16711
003 AR-LpoUNG
005 20210202000233.0
007 vd cvaizq
008 191001ss. f||||ag |||||||||||||||||eng d
037 _c$6.63
040 _aAR-LpoUNG
_bspa
_cAR-LpoUNG
_eaacr
044 _aag
082 0 _a947.084 1 36oct
100 1 _aEisenstein, Sergei
_edir.
245 1 0 _aOctubre
260 _aBuenos Aires :
_bCultural Video,
_cs. f..
300 _aVHS (104 min.) : son., byn
505 0 _aFotografía: Edouard Tissé, V. Popov. - Estrenada para el 10§ aniversario de Octubre , el 7 de noviembre de 1927
650 4 _aCAMBIO SOCIAL
650 4 _aCOMUNISMO
650 4 _aREVOLUCION
650 4 _aSOCIALISMO
650 4 _aURSS
651 4 _aURSS
653 _aVIDEOS
700 1 _aAlexandrov, Gregory
_edir.
905 _a16711
942 _cVIDEO
999 _c54406
_d54406